00524nam a2200169 450000500170000001000150001702000260003203500140005803700090007208200130008124501110009425000060020526000260021127000650023730000210030270000310032320260413113604.0 aENG-148022 a9789334417760c700.00 aEN-131554 bDBAD 21a539.7 aProceedings of 2nd national conference on Frontiers in Theoretical and experimental physicscRavinder kaur a1 aPunjabbRavinder kaur aDepartment of physics, DAV collage, JalandharbIndiae144008 a118.pgc29cm(pb) aRavinder kaur, Anoop kumar